• 首页
  • 本馆介绍
  • 公告通知
  • 最新文献
  • 馆藏检索
  • 电子资源
  • 读者导购
  • 参考咨询
  • 我的图书馆
  • 登录
  • 详细信息显示
  • 放入我的书架
  • 预约/预借图书
  • 作者相关作品
  • 分类相关作品
  • 丛书相关作品
  • 出版社相关作品

书目信息

  • 表格格式
  • 工作单格式
  • 卡片格式
题名:
历史哲学:一种再审视
    
 
作者: 斯威特 编 ;魏小巍 , 朱舫 译
分册:  
出版信息: 北京   北京师范大学出版社  2008
页数: 20,348页
开本: 24cm
丛书名: 后现代历史哲学译丛
单 册:
中图分类: K01
科图分类:
主题词: 历史哲学--研究 , 历史哲学
电子资源:
ISBN: 978-7-303-08617-7
000 01136oam2 2200313 45
001 1029852226
005 20100429090806.51
010    @a978-7-303-08617-7@dCNY45.00
100    @a20100420d2008 em y0chiy50 ea
101 0  @achi
102    @aCN@b110000
105    @ay z 000yy
106    @ar
200 1  @a历史哲学:一种再审视@ALi Shi Zhe Xue: Yi Zhong Zai Shen Shi@dThe philosophy of history: a re-examination@fWilliam Sweet编@FWilliam Sweet Bian@g魏小巍,朱舫译@zeng
210    @a北京@c北京师范大学出版社@d2008
215    @a20,348页@d24cm
225 2  @a后现代历史哲学译丛
306    @aAshgate Publishing Limited授权出版
330    @a 本书收录的论文涉及当前历史哲学领域的一些重大问题,全书由三部分组成,内容包括:历史和历史理解、解释和客观性等。
461  0 @12001 @a后现代历史哲学译丛
510 1  @aPhilosophy of history: a re-examination@zeng
606 0  @a历史哲学@x研究
606 0  @a历史哲学
690    @aK01@v4
701  1 @a斯威特@ASi Wei Te@g(Sweet, William)@4编
702  0 @a魏小巍@AWei Xiao Wei@4译
702  0 @a朱舫@AZhu Fang@4译
801  0 @aCN@bTANGWEI@c20100429
905    @b0593108-12@dK01@e170@f5
    
    历史哲学:一种再审视=The philosophy of history: a re-examination/William Sweet编/魏小巍,朱舫译.-北京:北京师范大学出版社,2008
    20,348页;24cm.-(后现代历史哲学译丛)
    
    
    ISBN 978-7-303-08617-7:CNY45.00
    本书收录的论文涉及当前历史哲学领域的一些重大问题,全书由三部分组成,内容包括:历史和历史理解、解释和客观性等。
●
相关链接 在E读中查询图书 在五车中查询图书 在当当中查询图书 在豆瓣中查询图书


正题名:历史哲学:一种再审视     索取号:K01/170         预约/预借

序号 登录号 条形码 馆藏地/架位号 状态 备注
1 0593108   205931081   第二样本阅览室/ [索取号:K01/170] 在馆    
2 0593109   205931090   第二借阅区/ [索取号:K01/170] 在馆    
3 0593110   205931107   第二借阅区/ [索取号:K01/170] 在馆    
4 0593111   205931116   第二借阅区/ [索取号:K01/170] 在馆    
5 0593112   205931125   第二借阅区/ [索取号:K01/170] 在馆    
唐山师范学院图书馆 欢迎您!
大连网信软件有限公司© 版权所有